ವಚನ ಸಾಹಿತ್ಯದಲ್ಲಿ ಕೆಳವರ್ಗದ ಆಶಯ ಮತ್ತು ಅಭಿವ್ಯಕ್ತಿ (Record no. 237344)

MARC details
000 -LEADER
fixed length control field 00492nam a2200169Ia 4500
003 - CONTROL NUMBER IDENTIFIER
control field OSt
005 - DATE AND TIME OF LATEST TRANSACTION
control field 20251210110752.0
008 - FIXED-LENGTH DATA ELEMENTS--GENERAL INFORMATION
fixed length control field 250729s1993 xx 000 0 und d
040 ## - CATALOGING SOURCE
Transcribing agency AL
041 ## - LANGUAGE CODE
Language code of text/sound track or separate title kan
082 ## - DEWEY DECIMAL CLASSIFICATION NUMBER
Classification number 894.51 RAMV
245 ## - TITLE STATEMENT
Title ವಚನ ಸಾಹಿತ್ಯದಲ್ಲಿ ಕೆಳವರ್ಗದ ಆಶಯ ಮತ್ತು ಅಭಿವ್ಯಕ್ತಿ
260 ## - PUBLICATION, DISTRIBUTION, ETC.
Place of publication, distribution, etc. ಬೆಂಗಳೂರು
Date of publication, distribution, etc. 1993
300 ## - PHYSICAL DESCRIPTION
Extent 142p
650 ## - SUBJECT ADDED ENTRY--TOPICAL TERM
Topical term or geographic name entry element Kannada
9 (RLIN) 226570
942 ## - ADDED ENTRY ELEMENTS (KOHA)
Source of classification or shelving scheme Dewey Decimal Classification
Koha item type School of Education
Holdings
Withdrawn status Lost status Damaged status Not for loan Home library Current library Date acquired Source of acquisition Cost, normal purchase price Total Checkouts Full call number Barcode Date last seen Cost, replacement price Price effective from Koha item type
        St Aloysius Library St Aloysius Library 07/29/2025 Management Books 15.00   894.51 RAMV BED02663 07/29/2025 15.00 07/29/2025 Book